A citokin vihar és kezelése kritikus állapotú betegeknél

Az utóbbi évtizedekben a szepszis/szeptikus sokk előfordulása világszerte megnőtt, és mivel a kórházi halálozás egyik legmeghatározóbb oka, így kiemelt gazdasági és egészségügyi jelentőséggel bír. Terápiájában a kórkép korai felismerése és az ezzel megkezdett adekvát folyadékreszuszcitáció, valamint...

Teljes leírás

Elmentve itt :
Bibliográfiai részletek
Szerzők: Hawchar Fatime
Molnár Zsolt
Dokumentumtípus: Cikk
Megjelent: 2020
Sorozat:MAGYAR MENTÉSÜGY 34 No. 1
Tárgyszavak:
doi:10.15170/MM.2020.34.01.01

mtmt:33730654
Online Access:http://publicatio.bibl.u-szeged.hu/30059
LEADER 01914nab a2200229 i 4500
001 publ30059
005 20240405090123.0
008 240405s2020 hu o 0|| hun d
022 |a 0209-7060 
024 7 |a 10.15170/MM.2020.34.01.01  |2 doi 
024 7 |a 33730654  |2 mtmt 
040 |a SZTE Publicatio Repozitórium  |b hun 
041 |a hun 
100 1 |a Hawchar Fatime 
245 1 2 |a A citokin vihar és kezelése kritikus állapotú betegeknél  |h [elektronikus dokumentum] /  |c  Hawchar Fatime 
260 |c 2020 
300 |a 8-14 
490 0 |a MAGYAR MENTÉSÜGY  |v 34 No. 1 
520 3 |a Az utóbbi évtizedekben a szepszis/szeptikus sokk előfordulása világszerte megnőtt, és mivel a kórházi halálozás egyik legmeghatározóbb oka, így kiemelt gazdasági és egészségügyi jelentőséggel bír. Terápiájában a kórkép korai felismerése és az ezzel megkezdett adekvát folyadékreszuszcitáció, valamint szervtámogató- és antimikrobiális kezelések és infekciókontroll ellenére a halálozási arány továbbra is magas (20-50% a vizsgált populációtól függően). A halálozás csökkentésére irányuló kutatások egyik legígéretesebb területe az immunrendszer és ezzel együtt a gazdaszervezet fertőzésre adott válaszának modulációja, melyek közül a vértisztító eljárások tűnnek az egyik legígéretesebb módszernek. A szeptikus sokk korai szakaszában a szervezet fertőzésre adott diszregulált immunválasza következtében kialakuló „citokinvihar” mélyebb megértése és a megfelelő pontokon történő módosítása hozzájárulhat az infl ammatorikus-antiinflammatorikus rendszer közötti egyensúly helyreállításához. Jelen közlemény célja, az ezzel kapcsolatos ismeretek rövid összefoglalása. 
650 4 |a Klinikai orvostan 
700 0 1 |a Molnár Zsolt  |e aut 
856 4 0 |u http://publicatio.bibl.u-szeged.hu/30059/1/citokinvihar.pdf  |z Dokumentum-elérés